| 000 | 00735nam a2200277 a 4500 | ||
|---|---|---|---|
| 001 | 42442 | ||
| 003 | AR-BaAGN | ||
| 005 | 20240209111317.0 | ||
| 007 | ta | ||
| 008 | 220625s2006 ag |||||r|||| ||||||spa d | ||
| 020 | _a9870220525 | ||
| 040 |
_dAR-BaAGN _aAR-BaAGN _bspa _eaacr |
||
| 100 | 1 |
_aBizai, Carlos César _97576 |
|
| 245 | 1 | 0 | _aLa inmigración eslovena en Entre Ríos |
| 250 | _a1ª ed. | ||
| 260 |
_aBuenos Aires : _bDunken, _c2006. |
||
| 300 | _a120 páginas | ||
| 336 |
_2rdacontent _btxt |
||
| 337 |
_2rdamedia _bn |
||
| 338 |
_2rdacarrier _bnc |
||
| 650 | 4 |
_aHISTORIA ARGENTINA _92450 |
|
| 650 | 4 |
_aINMIGRACIÓN EN ARGENTINA _9867 |
|
| 651 | 4 |
_aEntre Ríos (Provincia) _94099 |
|
| 942 | _cLIBRO | ||
| 999 |
_c42442 _d42442 |
||